| 000 | 00776nam a22002057a 4500 | ||
|---|---|---|---|
| 999 |
_c178656 _d178656 |
||
| 005 | 20210409122142.0 | ||
| 010 | _aENG-129421 | ||
| 020 |
_c195.00 _a978-93-88016-13-1 |
||
| 035 | _aEN-112953 | ||
| 037 | _bDBAD/PUB | ||
| 082 | _a370.82 | ||
| 100 | _aK. Sridevi | ||
| 245 |
_aIntegrating Gender and Inclusive Perspectives in Education/ _bK. Sridevi, K. Srinivas Reddy and S. Radhika |
||
| 260 |
_aNew Delhi _bNeelkamal Publications _c2019 |
||
| 270 |
_a4764/1, 23, Ansari Road, Daryaganj _bNew Delhi _e110002 _k011-23244237, 98118-28953 _mneelkamalbooks@gmail.com |
||
| 300 |
_aix190p. _c24cm(pbk) _bincluding illustrations, bibliographical references and index |
||
| 700 | _aReddy, K. Srinivas | ||
| 700 | _aS. Radhika | ||
| 942 |
_2ddc _cEN _h370.82 _mKSR |
||